000 00271nam a2200109Ia 4500
001 1259635
005 20260417140315.0
008 260417s9999 xx 000 0 und d
020 _a9789752894624
245 0 _aEkmek Kavgası
_cOrhan Kemal
260 _bEverest Yayınları
999 _c1259635
_d1259635